1981 U.S. industrial outlook for 200 industries with projections for 1985

में बचाया:
ग्रंथसूची विवरण
स्वरूप: पुस्तक
भाषा:Undetermined
प्रकाशित: Washington 1981
विषय:
टैग : टैग जोड़ें
कोई टैग नहीं, इस रिकॉर्ड को टैग करने वाले पहले व्यक्ति बनें!
Thư viện lưu trữ: Trung tâm Học liệu Trường Đại học Cần Thơ
LEADER 00440nam a2200145Ia 4500
001 CTU_99437
008 210402s9999 xx 000 0 und d
082 |a 338 
082 |b N469 
245 0 |a 1981 U.S. industrial outlook for 200 industries with projections for 1985 
260 |a Washington 
260 |c 1981 
650 |a Industrial policy,Economic aspects 
904 |i Tuyến 
980 |a Trung tâm Học liệu Trường Đại học Cần Thơ